LDR 00831naa#a2200181#i#450# 001 RU\INFRA-M\bibl\12770 005 20260630205656.2 011 ## _a2306-1731 100 ## _a20160919b2016####ek#y0rusy0150####ca 101 0# _aRUS 102 ## _aRU 200 1# _aК вопросу об основных направлениях развития педагогического образования в России _eЖурнальная статья 210 1# _aМосква _cОбщество с ограниченной ответственностью «Научно-издательский центр ИНФРА-М» _d2016 215 ## _a6 с. 608 ## _aЖурнальная статья _2local 700 #1 _aШишов _gСергей Евгеньевич 700 #1 _aКальней _gВалентина Алексеевна 856 4# _anaukaru.ru _u